000 00307nam a2200121Ia 4500
008 190216s9999||||xx |||||||||||||| ||und||
100 _aDalton E Mcfarland
245 0 _aManagement Foundation And Practises
260 _bNew Central Book Agencies
_c1979
300 _a657p
650 _aCommerce
942 _cBK
999 _c4853
_d4853